header

IBM WebSphere Portal V5 (Record no. 106492)

MARC details
000 -LEADER
fixed length control field 01471nam a2200373Ia 4500
082 04 - DEWEY DECIMAL CLASSIFICATION NUMBER
Classification number 025.04
245 00 - TITLE STATEMENT
Title IBM WebSphere Portal V5
250 ## - EDITION STATEMENT
Edition statement 1st ed.
260 ## - PUBLICATION, DISTRIBUTION, ETC. (IMPRINT)
Place of publication [S.l.] :
Name of publisher IBM, International Technical Support Organization,
Year of publication 2004.
300 ## - PHYSICAL DESCRIPTION
Number of Pages xvi, 554 p. :
Other physical details ill.
490 1# - SERIES STATEMENT
Series statement IBM redbooks
500 ## - GENERAL NOTE
General note "January 2004."
650 #0 - SUBJECT ADDED ENTRY--TOPICAL TERM
Topical Term Web portals.
Topical Term Application software
700 1# - ADDED ENTRY--PERSONAL NAME
Personal name Rodriguez, Juan R.
856 40 - ELECTRONIC LOCATION AND ACCESS
Uniform Resource Identifier http://site.ebrary.com/lib/rucke/Doc?id=10112093

No items available.

© 2026 Rongo University
Contact us: librarian | system librarian | Rongo university